000 00401nam a2200157Ia 4500
008 240729s9999 xx 000 0 und d
022 _a1424-8247
245 0 _aPharmaceuticals
260 _aSwitzerland
260 _bMDPI AG
650 _a Pharmacy and materia medica
650 _aMedicine
856 _uhttps://doaj.org/toc/8aebbee077214f44af4541e89c48a897
942 _2ddc
942 _cDOAJEJ
999 _c74356
_d74356
945 _a1
_bMadushi Gamage
_c1
_dMadushi Gamage